Pravidelná autobusová doprava
Pravidelná autobusová doprava, prepravné požiadavky na území ČR. Postupná privatizácia štátnych podnikov ČSAD od roku 1992. Pôsobenie dopravných organizácií a novovzniknutých súkromných autodopravcov. Hospodárenie pravidelnej autobusovej dopravy. Zmeny vo financovaní dopravnej obslužnosti.
Gespeichert in:
| 1. Verfasser: | |
|---|---|
| Format: | Buchkapitel |
| Sprache: | Tschechisch |
| Schlagworte: | |
| Tags: |
Keine Tags, Fügen Sie das erste Tag hinzu!
|
MARC
| LEADER | 00000naa a2200000 4500 | ||
|---|---|---|---|
| 001 | r016031 | ||
| 005 | 20221213082720.3 | ||
| 041 | 0 | |a cze | |
| 044 | |a CZ | ||
| 245 | 1 | 0 | |a Pravidelná autobusová doprava |c J. Dupák |
| 520 | |a Pravidelná autobusová doprava, prepravné požiadavky na území ČR. Postupná privatizácia štátnych podnikov ČSAD od roku 1992. Pôsobenie dopravných organizácií a novovzniknutých súkromných autodopravcov. Hospodárenie pravidelnej autobusovej dopravy. Zmeny vo financovaní dopravnej obslužnosti. | ||
| 610 | 2 | 0 | |a doprava cestná |
| 610 | 2 | 0 | |a tarify dopravné |
| 610 | 2 | 0 | |a autobusy |
| 610 | 2 | 0 | |a Česko |
| 610 | 2 | 0 | |a privatizácia |
| 100 | 1 | |a Dupák, J. | |